Propuesta de regularización ambiental del Centro Histórico de la Ciudad de León
Presenta una propuesta de regularización ambiental en el sector del Centro Histórico de la ciudad de León, tomando en consideración las leyes pertinentes, la regularización se entiende en esta propuesta como la atención de los problemas del medio ambiente urbano en función de lo que el marco...
| Main Authors: | , , |
|---|---|
| Other Authors: | |
| Format: | Tesis Section = Libro |
| Language: | Undetermined Spanish |
| Published: |
Managua
UNI
2007
|
| Subjects: |
| LEADER | 01415nam a2200301Ia 4500 | ||
|---|---|---|---|
| 008 | 240830s9999 xx 000 0 und d | ||
| 040 | |a BIBLIOTECA-RUSB/ T.Mon 363.7 C951 | ||
| 041 | |a spa | ||
| 082 | |a T.Mon 363.7 C951 | ||
| 100 | 1 | |a Cross Gadea, Jesica | |
| 100 | 1 | |b Torrez Blandón, Roberto | |
| 100 | 1 | |c Valdez Arosteguí, María Alejandra | |
| 245 | 1 | 0 | |a Propuesta de regularización ambiental del Centro Histórico de la Ciudad de León |
| 260 | |a Managua |b UNI |c 2007 | ||
| 300 | |a 53 p. :il. | ||
| 500 | |a Contiene: anexos. | ||
| 502 | |a Tesis (Arquitecto) - UNI, 2007. | ||
| 520 | 3 | |a Presenta una propuesta de regularización ambiental en el sector del Centro Histórico de la ciudad de León, tomando en consideración las leyes pertinentes, la regularización se entiende en esta propuesta como la atención de los problemas del medio ambiente urbano en función de lo que el marco jurídico normativo nacional establece como ideal, bajo el entendido de que dichas problemáticas se entienden como el incumplimiento del mismo. | |
| 650 | 7 | |a POLITICA AMBIENTAL-NICARAGUA | |
| 650 | 7 | |b LEY DE MEDIO AMBIENTE | |
| 650 | 7 | |c IMAGEN URBANA | |
| 650 | 7 | |d GESTION AMBIENTAL | |
| 650 | 7 | |e USO DE SUELOS-ASPECGOS AMBIENTALES | |
| 650 | 7 | |f construcción DE VIVIENDAS-ASPECTOS AMBIENTALES | |
| 700 | 1 | |a Tutor: |b Rosales Rivera, Benjamin | |
| 942 | |c BK |2 ddc | ||
| 991 | |a TESIS | ||
| 999 | |c 21761 | ||